Normal view MARC view

Entry Personal Name

Number of records used in: 2

001 - CONTROL NUMBER

  • control field: 9321

003 - CONTROL NUMBER IDENTIFIER

  • control field: DLC

005 - DATE AND TIME OF LATEST TRANSACTION

  • control field: 20230818154045.0

008 - FIXED-LENGTH DATA ELEMENTS

  • fixed length control field: 970116n| azannaab |n aaa

010 ## - LIBRARY OF CONGRESS CONTROL NUMBER

  • LC control number: n 97005417

040 ## - CATALOGING SOURCE

  • Original cataloging agency: DLC
  • Transcribing agency: DLC
  • Description conventions: rda
  • Modifying agency: DLC

100 1# - HEADING--PERSONAL NAME

  • Personal name: Eun, Cheol S.

670 ## - SOURCE DATA FOUND

  • Source citation: International financial management, 1997:
  • Information found: CIP t.p. (Cheol S. Eun)

670 ## - SOURCE DATA FOUND

  • Source citation: International financial management, 2020:
  • Information found: eCIP t.p. (Cheol Eun, Georgia Institute of Technology)

Powered by Koha